00614nam a2200181 i 450000100060000000300090000600500170001500700030003200800410003510000490007624501130012526000600023830000220029865000270032065000260034771000380037385200210041138177ES-MaACL20250907063040.0t|030224s1905 sp ||||1| spa d1 aCabrerizo y García, Francisco, d1868-195110aDerecho procesal militar b: el defensor ante los tribunales de Guerra y Marina / cpor Francisco Cabrerizo. aMadrid : b[s.n., c1905] (fImp. Ministerio de Marina) a282 p. ; c23 cm.07aDerecho militar2embne 4aTribunales militares.1 aEspaña. bMinisterio de Marina. aES-MaACLjB-1004